| 000 | 00701cam a22002171 4500 | ||
|---|---|---|---|
| 001 | 9376582 | ||
| 003 | OSt | ||
| 005 | 20140310173627.0 | ||
| 008 | 850510s1980 arg spa | ||
| 040 |
_aDLC _cBMC _dDLC |
||
| 082 | _a345.82 | ||
| 100 | 1 |
_914971 _aFontán Balestra, Carlos |
|
| 245 | 1 | 0 |
_aDerecho penal _pParte especial _cCarlos Fontán Balestra ; con la colaboración de Mario I. Chichizola ; actualización realizada por Luis Darritchon |
| 250 | _a9ª ed | ||
| 260 |
_aBuenos Aires _bAbeledo-Perrot _c1980 |
||
| 300 |
_a743 p. _c23 cm |
||
| 650 | 2 | 4 |
_aDerecho penal _zArgentina _96868 |
| 700 | 1 |
_915137 _aChichizola, Mario I. |
|
| 700 | 1 |
_915144 _aDarritchon, Luis |
|
| 942 |
_2ddc _cBK |
||
| 999 |
_c7827 _d7827 |
||